000 00896nam a2200241 i 4500
001 155261
003 ES-MaACL
005 20250816062549.0
008 020827s1898 fr |||| | fre d
040 _aCCPB | B
_bspa
_cCCPB | B
100 1 _aHerckenrath, C.R.C.
_9127869
245 1 0 _aProblèmes d'esthétique et de morale /
_cpar C.R.C. Herckenrath.
260 _aParis :
_bancienne Librairie Germer Baillière et C\pie\s, Félix Alcan, éditeur,
_c1898 (
_eÉvreux :
_fimprimerie de Charles Hérissey)
300 _a163 p. ;
_c18 cm.
490 1 _aBibliothèque de philosophie contemporaine
650 4 _aValores (Filosofía)
_9154937
650 7 _aEstética
_2embne
_9142387
752 _aFrancia -
_dParís
752 _aFrancia -
_dEvreux
830 0 _aBibliothèque de philosophie contemporaine
_9181027
852 _aES-MaACL
_jF-11926
_z- Enc. hol.
999 _c155261
_d155261